000 00418nam a2200145Ia 4500
008 100204s9999 xx 000 0 und d
082 _b524
100 _aभावे पुरुषोत्तम भास्कर
245 _aरुप
260 _b"मेनका प्रकाशन , पुणे"
_c"1977,2"
300 _a144
630 _aरुप
730 _aरुप
942 _cBOOK
999 _c445719
_d445716